Detalles MARC
| 000 -CABECERA |
| campo de control de longitud fija |
02754nam a2200313 i 4500 |
| 003 - IDENTIFICADOR DEL NÚMERO DE CONTROL |
| campo de control |
vecauma |
| 005 - FECHA Y HORA DE LA ÚLTIMA TRANSACCIÓN |
| campo de control |
20260327134835.0 |
| 007 - CAMPO FIJO DE DESCRIPCIÓN FÍSICA--INFORMACIÓN GENERAL |
| campo de control de longitud fija |
ta |
| 008 - DATOS DE LONGITUD FIJA--INFORMACIÓN GENERAL |
| campo de control de longitud fija |
260220t2010 ck |||||r|||| 00| 0 spa d |
| 020 ## - ISBN |
| Número Internacional Estándar del Libro |
9789587570069 |
| 040 ## - FUENTE DE LA CATALOGACIÓN |
| Centro catalogador/agencia de origen |
vecauma |
| Lengua de catalogación |
spa |
| Centro/agencia transcriptor |
vecauma |
| Centro/agencia modificador |
vecauma |
| Normas de descripción |
rda |
| 041 0# - CÓDIGO DE LENGUA |
| Código de lengua del recurso |
spa |
| 099 ## - Cota |
| Número de clasificación |
BF637 |
| Cutter |
S4 C75 |
| Año |
2010 |
| 245 03 - MENCIÓN DE TÍTULO |
| Título |
La vaca sin culpa : |
| Resto del título |
anécdotas, parábolas, fábulas y reflexiones sobre espiritualidad |
| Mención de responsabilidad, etc. |
/ versiones, selección y prólogo, Jaime Lopera Gutiérrez, Marta Inés Bernal Trujillo. |
| 264 #1 - PRODUCCIÓN, PUBLICACIÓN, DISTRIBUCIÓN, FABRICACIÓN Y COPYRIGHT |
| Producción, publicación, distribución, fabricación y copyright |
Bogotá, Colombia : |
| Nombre del de productor, editor, distribuidor, fabricante |
Intermedio, |
| Fecha de producción, publicación, distribución, fabricación o copyright |
2010. |
| 264 #4 - PRODUCCIÓN, PUBLICACIÓN, DISTRIBUCIÓN, FABRICACIÓN Y COPYRIGHT |
| Fecha de producción, publicación, distribución, fabricación o copyright |
©2010. |
| 300 ## - DESCRIPCIÓN FÍSICA |
| Extensión |
240 páginas. |
| 336 ## - TIPO DE CONTENIDO |
| Término de tipo de contenido |
texto |
| Código de tipo de contenido |
txt |
| Fuente |
rdacontenido |
| 337 ## - TIPO DE MEDIO |
| Nombre/término del tipo de medio |
no mediado |
| Código del tipo de medio |
n |
| Fuente |
rdamedio |
| 338 ## - TIPO DE SOPORTE |
| Nombre/término del tipo de soporte |
volumen |
| Código del tipo de soporte |
nc |
| Fuente |
rdasoporte |
| 505 0# - NOTA DE CONTENIDO CON FORMATO |
| Nota de contenido con formato |
El mantel. -- Parte del regalo. -- Huellas en la arena. -- Cuánto vale un milagro. -- Los edecanes de Diana. -- El rito de la juventud. -- <br/>El abrazo del águila. -- El canasto de carbón. -- El perdón. -- El ingenio de una hormiga. -- Dios nunca se equivoca. -- La invocación del Senado. -- La vida es tan corta. -- La esposa de Dios. -- Descubre el mensaje. -- El cuaderno rojo. -- El insensato mundo virtual. -- Doblar las rodillas. -- Los últimos deseos de Alejandro el Grande. -- Canicas rojas Esperanza. -- La última oración de Gandhi. -- La clínica del médico egoísta. -- Desayuno en McDonald's. -- Una pieza de Mendelssohn. -- El valor de una moneda. -- De todos modos. -- Los puercoespines. -- La botella de agua. -- El Día de Acción de Gracias. -- Dios es azúcar. -- El secreto para ser feliz. -- <br/>Dios sabe. -- El alpinista. -- La estrella de la esperanza. -- Reportándose. -- La marca. -- El mejor día de mi vida. -- Tormentas. -- Uno crece. -- Aguanta un poco más. -- Vivir como las flores. -- El silencio divino. -- La grandeza del mar. -- Un regalo sin envoltura. -- Los lentes milagrosos. -- Suelta tu carga. -- Por un dólar. -- Lo mío… ¿es mío? -- El pesebre. -- La felicidad… ¿después? -- El helecho y el bambú. -- La silla del invisible. -- ¿Qué es servir? -- La balanza. -- Ser luz para otros. -- La bolsa de agua caliente. -- La vida es bella. -- La telaraña. -- La Navidad más hermosa. -- El semáforo. -- El principio del vacío. -- La contraseña. -- El convicto liberado. -- Hay lugares, hay personas. -- Decálogo de la serenidad. -- El camión de basura. -- Avisos divinos. -- Libreta breve. |
| 650 10 - PUNTO DE ACCESO ADICIONAL DE MATERIA--TÉRMINO DE MATERIA |
| 9 (RLIN) |
808 |
| Término de materia |
AUTORREALIZACION (PSICOLOGIA) |
| 650 10 - PUNTO DE ACCESO ADICIONAL DE MATERIA--TÉRMINO DE MATERIA |
| 9 (RLIN) |
599 |
| Término de materia |
CAMBIO (PSICOLOGIA) |
| 650 10 - PUNTO DE ACCESO ADICIONAL DE MATERIA--TÉRMINO DE MATERIA |
| 9 (RLIN) |
8864 |
| Término de materia |
DIRECCION ESPIRITUAL |
| 700 1# - ENTRADA AGREGADA--NOMBRE PERSONAL |
| 9 (RLIN) |
8892 |
| Nombre de persona |
Lopera Gutiérrez, Jaime, |
| Fechas asociadas al nombre |
1936- |
| Término indicativo de función/relación |
compilador |
| 700 1# - ENTRADA AGREGADA--NOMBRE PERSONAL |
| 9 (RLIN) |
8893 |
| Nombre de persona |
Bernal Trujillo, Marta Inés |
| Término indicativo de función/relación |
compilador |
| 942 #1 - ELEMENTOS DE ENTRADA AGREGADA (KOHA) |
| Fuente del sistema de clasificación o colocación |
Library of Congress Classification |
| Ocultar en OPAC |
No |
| Tipo de ítem Koha |
Libros |